| 000 | 00636nam a2200205 4500 | ||
|---|---|---|---|
| 001 | 119986 | ||
| 003 | ES-MaACL | ||
| 005 | 20230906191437.0 | ||
| 007 | t| | ||
| 008 | 070214s1981 sp r ||||1| spa d | ||
| 100 | 1 |
_aPinto Grote, Carlos. _992232 |
|
| 245 | 1 | 0 |
_aTratado del mal / _cCarlos Pinto Grote. |
| 260 |
_aSanta Cruz de Tenerife : _bAula de Cultura del Excmo. Cabildo Insular de Tenerife, _c1981. |
||
| 300 |
_a66 p. : _b20 cm. |
||
| 490 | 1 |
_aAct. Poesía ; _v1 |
|
| 710 | 1 |
_aTenerife. _bCabildo Insular. _96938 |
|
| 830 | 0 |
_aAct. Poesía ; _v1 _9218645 |
|
| 852 |
_aES-MaACL _jL-1028 _bR.101859 |
||
| 999 |
_c119986 _d119986 |
||